000
00256nam a2200109Ia 4500
008
200302s9999 xx 000 0 und d
100
_a
Kenneth Frampton & other
245
_a
Le Corbusier
260
_b
Thames and Hudson Ltd.
260
_c
2001
300
_a
240
999
_c
5837
_d
5837